El increíble cerebro humano (Registro nro. 6697)
[ vista simple ]
| 000 -CABECERA | |
|---|---|
| Longitud fija campo de control | 01563nkc a2200301 i 4500 |
| 005 - • FECHA Y HORA DE LA ÚLTIMA TRANSACCIÓN | |
| Fecha y hora de la última transacción | 20220317001341.0 |
| 007 - • CAMPO FIJO DE DESCRIPCIÓN FÍSICA | |
| Campo fijo de descripción física | ta |
| 008 - • CÓDIGOS DE INFORMACIÓN DE LONGITUD FIJA | |
| Códigos de información de longitud fija | 210910s2005 ck j s vcspa d spa |
| 020 ## - • NÚMERO INTERNACIONAL NORMALIZADO PARA LIBROS | |
| Número Internacional Normalizado para Libros (ISBN) | 9788460582124 |
| 040 ## - FUENTE DE LA CATALOGACIÓN | |
| Centro catalogador de origen | CO-BoRNBP |
| Lengua de catalogación | spa |
| Centro transcriptor | CO-BoRNBP |
| Normas de descripción | rda |
| 041 ## - • CÓDIGO DE LENGUA | |
| Código de lengua del texto/banda sonora o título independiente | spa |
| 082 04 - • NÚMERO DE LA CLASIFICACIÓN DECIMAL DEWEY | |
| Número de clasificación (R) | 611.81 |
| Número del ítem | D37i |
| Número de edición | 22 |
| 110 2# - • PUNTO DE ACCESO PRINCIPAL-NOMBRE DE ENTIDAD CORPORATIVA | |
| Nombre de entidad corporativa o nombre de jurisdicción como elemento inicial | Discovery Communications |
| 245 13 - • TITULO PROPIAMENTE DICHO | |
| Título | El increíble cerebro humano |
| Mención de responsabilidad, etc. | Discovery Communications |
| 250 ## - • MENCIÓN DE EDICIÓN | |
| Mención de edición | Primera edición |
| 264 #1 - PRODUCCIÓN, PUBLICACIÓN , DISTRIBUCIÓN, FABRICACIÓN Y COPYRIGHT | |
| Lugar de producción, publicación, distribución, fabricación | Bogotá |
| Nombre del productor, editor, distribuidor, fabricante | MS Tv & Videos |
| Fecha de de producción, publicación, distribución, fabricación o copyright | 2005 |
| 300 ## - • DESCRIPCIÓN FÍSICA | |
| Extensión | 1 DVD (60 minutos) |
| Otras características físicas | sonido, color, digital |
| Dimensiones | 12 cm |
| 336 ## - TIPO DE CONTENIDO | |
| Fuente | rdacontent |
| Término de tipo de contenido | imagen bidimensional en movimiento |
| Código de tipo de contenido | tdi |
| 337 ## - TIPO DE MEDIO | |
| Fuente | rdamedia |
| Nombre del tipo de medio | video |
| Código del tipo de medio | v |
| 338 ## - TIPO DE SOPORTE | |
| Fuente | rdacarrier |
| Nombre del tipo de soporte | videodisco |
| Código del tipo de soporte | vd |
| 490 0# - • MENCIÓN DE SERIE | |
| Mención de serie | Discovery Channel. Educación : Estudios sociales |
| 520 ## - • NOTA DE RESUMEN | |
| Resumen, etc, | Durante mucho tiempo, el cerebro fue un misterio. En este programa, científicos especializados utilizan sorprendentes tecnologías para revelarnos muchas de aquellas incógnitas. En una masa de tejido del tamaño de un pomelo, el cerebro guarda su infinita capacidad de aprendizaje, funcionando permanentemente, sin cansarse y sin descansar. Se revela los últimos descubrimientos respecto a las conexiones neuronales que moldean nuestra personalidad y nos permiten pensar. El cerebro es el más sagrado de los órganos: el que nos define como seres humanos. |
| 521 ## - • NOTA DE PÚBLICO DESTINATARIO | |
| Nota público destinatario (R ) | Recomendado a partir de los 12 años |
| 650 17 - • PUNTO DE ACCESO ADICIONAL DE MATERIA - TÉRMINO DE MATERIA | |
| Término de materia o nombre geográfico como elemento inicial | Neuroanatomía |
| Subdivisión de forma | DVD |
| Fuente del encabezamiento o término | ARMARC |
| 650 17 - • PUNTO DE ACCESO ADICIONAL DE MATERIA - TÉRMINO DE MATERIA | |
| Término de materia o nombre geográfico como elemento inicial | Neuronas |
| Subdivisión de forma | DVD |
| Fuente del encabezamiento o término | ARMARC |
| 650 17 - • PUNTO DE ACCESO ADICIONAL DE MATERIA - TÉRMINO DE MATERIA | |
| Término de materia o nombre geográfico como elemento inicial | Cerebro |
| Subdivisión de materia general | Investigaciones |
| Subdivisión de forma | DVD |
| Fuente del encabezamiento o término | ARMARC |
| 942 ## - ENTRADA DE ELEMENTOS AGREGADOS (KOHA) | |
| Fuente de clasificaión o esquema | Dewey Decimal Classification |
| Koha [por defecto] tipo de item | DVD |
No hay ítems disponibles.